La evaluación en la educación secundaria obligatoria

Uloženo v:
Podrobná bibliografie
Korporativní autor: Gobierno de Navarra (Autor)
Médium: Kniha
Jazyk:španělština
Vydáno: Pamplona Gobierno de Navarra 1995
Témata:
Tagy: Přidat tag
Žádné tagy, Buďte první, kdo vytvoří štítek k tomuto záznamu!

MARC

LEADER 00000nam a2200000 a 4500
001 UCQ5076
003 CL-VaPUC
008 980925e19950000SP |||||||||||||||||spa|d
082 0 4 |a 373.011  |b GOB  |2 21 
110 2 |a Gobierno de Navarra  |e author  |9 419247 
245 1 3 |a La evaluación en la educación secundaria obligatoria 
300 |a 126 p 
942 |c BK 
945 |d 19980925 00:00:00  |a aarredon 
260 |a Pamplona  |b Gobierno de Navarra  |c 1995 
650 0 |a Evaluación de la educación   |9 237505 
650 0 |a Aprendizaje   |9 254827 
583 |a last modification  |c 20170727 03:49:45  |k Rodrigo Vera 
999 |c 275320  |d 275318 
952 |0 0  |1 0  |4 0  |6 373_011000000000000_GOB_1995  |7 0  |8 A  |9 311983  |a BIBEDU  |b BIBEDU  |d 2019-11-20  |i 346511K  |o 373.011 GOB 1995  |p 346511K  |r 2019-11-20  |w 2019-11-20  |y BK  |k BME